000 00395nam a2200145 4500
003 OSt
005 20230914121704.0
008 230914b |||||||| |||| 00| 0 eng d
020 _a9789355854582
040 _cCOMPLIMENTARY
082 _2PUNE
_a604.24
_b604.24/BHO
245 _aENGINEERING GRAPHICS
_cBHOJANE MANOJ
_hENGLISH
260 _aPUNE
_bTECHNICAL PUBLICATION
_c2023
942 _2ddc
_n0
_cBK
_eI
999 _c35959
_d35959